Global competition : (Record no. 11563)

MARC details
000 -LEADER
fixed length control field 02010nam a22004452 4500
001 - CONTROL NUMBER
control field 0000024511
005 - DATE AND TIME OF LATEST TRANSACTION
control field 20151217154511.0
008 - FIXED-LENGTH DATA ELEMENTS--GENERAL INFORMATION
fixed length control field 131219s xx 000 0 eng d
020 ## - INTERNATIONAL STANDARD BOOK NUMBER
International Standard Book Number 0199652006 :
040 ## - CATALOGING SOURCE
Original cataloging agency KABU
Transcribing agency KABU
100 1# - MAIN ENTRY--PERSONAL NAME
Personal name Gerber, David J.
-- 0000184732
245 10 - TITLE STATEMENT
Title Global competition :
Remainder of title law, markets, and globalization /
Statement of responsibility, etc. David J. Gerber.
250 ## - EDITION STATEMENT
Edition statement 1st ed.
260 ## - PUBLICATION, DISTRIBUTION, ETC. (IMPRINT)
Place of publication, distribution, etc. Oxford :
Name of publisher, distributor, etc. O. U. P.,
Date of publication, distribution, etc. 2010.
300 ## - PHYSICAL DESCRIPTION
Extent xx, 394 p.
650 #0 - SUBJECT ADDED ENTRY--TOPICAL TERM
Topical term or geographic name as entry element Restraint of trade.
-- 0000164396
650 #0 - SUBJECT ADDED ENTRY--TOPICAL TERM
Topical term or geographic name as entry element Antitrust law.
-- 0000164397
852 1# - LOCATION
-- p2700 KES
852 1# - LOCATION
-- p2700 KES
852 1# - LOCATION
-- p2700 KES
852 1# - LOCATION
-- p2700 KES
852 1# - LOCATION
-- p2700 KES
852 1# - LOCATION
-- p2700 KES
852 1# - LOCATION
-- p2700 KES
852 1# - LOCATION
-- p2700 KES
852 1# - LOCATION
-- p2700 KES
852 1# - LOCATION
-- p2700 KES
852 1# - LOCATION
-- p2700 KES
852 1# - LOCATION
-- p2700 KES
852 1# - LOCATION
-- p2700 KES
852 1# - LOCATION
-- p2700 KES
852 1# - LOCATION
-- p2700 KES
852 1# - LOCATION
-- p2700 KES
852 1# - LOCATION
-- p2700 KES
852 1# - LOCATION
-- p2700 KES
852 1# - LOCATION
-- p2700 KES
852 1# - LOCATION
-- p2700 KES
908 ## - PUT COMMAND PARAMETER (RLIN)
Put command parameter 131219
950 ## - LOCAL HOLDINGS (RLIN)
-- 1
Holdings
Withdrawn status Lost status Source of classification or shelving scheme Not for loan Home library Current library Date acquired Total Checkouts Full call number Barcode Date last seen Price effective from Koha item type Date last checked out
    Library of Congress Classification   Kabarak, Main Campus Kabarak, Main Campus 17/12/2015   K3850 .G47 2010 C. 1 016228 17/12/2015 17/12/2015 General Collection  
    Library of Congress Classification   Kabarak, Main Campus Kabarak, Main Campus 17/12/2015   K3850 .G47 2010 C. 2 020324 17/12/2015 17/12/2015 General Collection  
    Library of Congress Classification   Kabarak, Main Campus Kabarak, Main Campus 17/12/2015   K3850 .G47 2010 C. 3 020313 17/12/2015 17/12/2015 General Collection  
    Library of Congress Classification   Kabarak, Main Campus Kabarak, Main Campus 17/12/2015   K3850 .G47 2010 C. 4 020330 17/12/2015 17/12/2015 General Collection  
    Library of Congress Classification   Kabarak, Main Campus Kabarak, Main Campus 17/12/2015   K3850 .G47 2010 C. 5 020317 17/12/2015 17/12/2015 General Collection  
    Library of Congress Classification   Kabarak, Main Campus Kabarak, Main Campus 17/12/2015   K3850 .G47 2010 C. 6 020315 17/12/2015 17/12/2015 General Collection  
    Library of Congress Classification   Kabarak, Main Campus Kabarak, Main Campus 17/12/2015   K3850 .G47 2010 C. 7 020310 17/12/2015 17/12/2015 General Collection  
    Library of Congress Classification   Kabarak, Main Campus Kabarak, Main Campus 17/12/2015 1 K3850 .G47 2010 C. 8 020319 27/11/2017 17/12/2015 General Collection 07/11/2017
    Library of Congress Classification   Kabarak, Main Campus Kabarak, Main Campus 17/12/2015   K3850 .G47 2010 C. 9 020326 17/12/2015 17/12/2015 General Collection  
    Library of Congress Classification   Kabarak, Main Campus Kabarak, Main Campus 17/12/2015   K3850 .G47 2010 C. 10 020333 17/12/2015 17/12/2015 General Collection  
    Library of Congress Classification   Kabarak, Main Campus Kabarak, Main Campus 17/12/2015   K3850 .G47 2010 C. 11 020329 17/12/2015 17/12/2015 General Collection  
    Library of Congress Classification   Kabarak, Main Campus Kabarak, Main Campus 17/12/2015   K3850 .G47 2010 C. 12 020314 17/12/2015 17/12/2015 General Collection  
    Library of Congress Classification   Kabarak, Main Campus Kabarak, Main Campus 17/12/2015   K3850 .G47 2010 C. 13 020316 17/12/2015 17/12/2015 General Collection  
    Library of Congress Classification   Kabarak, Main Campus Kabarak, Main Campus 17/12/2015   K3850 .G47 2010 C. 14 020327 17/12/2015 17/12/2015 General Collection  
    Library of Congress Classification   Kabarak, Main Campus Kabarak, Main Campus 17/12/2015   K3850 .G47 2010 C. 15 020308 17/12/2015 17/12/2015 General Collection  
    Library of Congress Classification   Kabarak, Main Campus Kabarak, Main Campus 17/12/2015   K3850 .G47 2010 C. 16 020328 17/12/2015 17/12/2015 General Collection  
    Library of Congress Classification   Kabarak, Main Campus Kabarak, Main Campus 17/12/2015   K3850 .G47 2010 C. 17 020312 17/12/2015 17/12/2015 General Collection  
    Library of Congress Classification   Kabarak, Main Campus Kabarak, Main Campus 17/12/2015   K3850 .G47 2010 C. 18 020322 17/12/2015 17/12/2015 General Collection  
    Library of Congress Classification   Kabarak, Main Campus Kabarak, Main Campus 17/12/2015   K3850 .G47 2010 C. 19 020331 17/12/2015 17/12/2015 General Collection  
    Library of Congress Classification   Kabarak, Main Campus Kabarak, Main Campus 17/12/2015   K3850 .G47 2010 C. 20 020221 17/12/2015 17/12/2015 General Collection  
Designed with assistance from East African Informatics Ltd